Nákupné centrá sa zmenia na life-stylové galérie

Plány na výstavbu obchodných centier v Európe v roku 2016. Premena formátov obchodných centier - vysoká kvalita architektúry, vnútorného dizajnu s dôrazom na voľnočasové aktivity ako šport alebo wettness, gastro prevádzky. Slovensko nasleduje trendy.

Guardado en:
Detalles Bibliográficos
Autor principal: Hovorková, Daniela
Formato: Capítulo de libro
Lenguaje:eslovaco
Materias:
Etiquetas: Agregar Etiqueta
Sin Etiquetas, Sea el primero en etiquetar este registro!

MARC

LEADER 00000naa a2200000 4500
001 0211539
005 20231208070653.7
041 0 |a slo 
044 |a SK 
245 1 0 |a Nákupné centrá sa zmenia na life-stylové galérie  |c Daniela Hovorková 
520 |a Plány na výstavbu obchodných centier v Európe v roku 2016. Premena formátov obchodných centier - vysoká kvalita architektúry, vnútorného dizajnu s dôrazom na voľnočasové aktivity ako šport alebo wettness, gastro prevádzky. Slovensko nasleduje trendy. 
610 2 0 |a centrá nákupné 
610 2 0 |a centrá obchodné 
610 2 0 |a Európa 
610 2 0 |a Slovensko 
100 1 |a Hovorková, Daniela